Kariera trenerska Jerzego Brzęczka. - Statystyki

Ogólne statystyki
  • Ten quiz został rozwiązany 111 razy
  • Średni wynik to 3 z 5
Statystyki odpowiedzi
Lata Klub % Poprawnych
2018-2021 Polska
99%
2017-2018 Wisła Płock
84%
2010-2014 Raków Częstochowa
47%
2015-2017 GKS Katowice
43%
2014-2015 Lechia Gdańsk
42%
Nie znaleziono quizów pasujących do podanych kryteriów
Rozkład punktacji
Procent ludzi z każdym wynikiem
Percentyl według liczby udzielonych odpowiedzi
Twoja historia wyników
Nie rozwiązałeś tego quizu